000 00863nam a2200217 a 4500
001 38390
003 BD-RjUL
005 20211209052803.0
008 151121s1961 pk a| | 00| 0 eng|d
035 _a(BD-RjUL)38495
040 _aBD-RjUL
_beng
_cBD-RjUL
_dBD-RjUL
041 _aeng
082 _a338.9549
_223
_bEAF 1961
110 _aEast Pakistan (Pakistan).
_bPlanning Department (Project Division)
_9165539
245 _aFirst year of second five-year plan in East Pakistan :
_b progress of approved development schemes for the year 1960-61 /
_cEast Pakistan (Pakistan). Planning Department (Project Division)
260 _aDacca (Dhaka) :
_bEast Pakistan Government Press,
_c1961
300 _aP, xix, 289 p.:
_bIll. ;
_c24 cm.
500 _a"For Official use only"
650 _aEast Pakistan (Pakistan)
_xEconomic policy.
_9165540
942 _2ddc
_cRAR
999 _c38390
_d38390